• 首页
  • 本馆介绍
  • 公告通知
  • 最新文献
  • 馆藏检索
  • 电子资源
  • 读者导购
  • 参考咨询
  • 我的图书馆
  • 登录
  • 详细信息显示
  • 放入我的书架
  • 预约/预借图书
  • 作者相关作品
  • 分类相关作品
  • 丛书相关作品
  • 出版社相关作品

书目信息

  • 表格格式
  • 工作单格式
  • 卡片格式
题名:
计算机科学导论
    
 
作者: 沙行勉 著
分册:  
出版信息: 北京   清华大学出版社  2016.10
页数: 25, 365页
开本: 26cm
丛书名:
单 册:
中图分类: TP3 , TP311.561
科图分类:
主题词: 计算机科学--ji suan ji ke xue--高等学校--教材 , 软件工具--ruan jian gong ju--程序设计--高等学校--教材
电子资源:
ISBN: 978-7-302-44617-0
000 01088nam0 2200301 450
001 2035972962
005 20201122103028.75
010    @a978-7-302-44617-0@dCNY49.00
100    @a20181129e20192016em y0chiy50 ea
101 0  @achi
102    @aCN@b110000
105    @aa z 000yy
106    @ar
200 1  @a计算机科学导论@9ji suan ji ke xue dao lun@e以Python为舟@f沙行勉著
205    @a2版
210    @a北京@c清华大学出版社@d2016.10@h2019.08
215    @a25, 365页@c照片, 图@d26cm
300    @a21世纪高等学校计算机专业实用规划教材
330    @a本书主要内容包括计算机学什么、神奇的0与1、程序是如何执行的、学习Python语言与数据库知识、计算思维的核心——算法、操作系统、并行计算、计算机网络与物联网、信息安全等。
517 1  @a以Python为舟@9yi Python wei zhou
606 0  @a计算机科学@9ji suan ji ke xue@x高等学校@j教材
606 0  @a软件工具@9ruan jian gong ju@x程序设计@x高等学校@j教材
610 0  @aPython@9Python
690    @aTP3@v5
690    @aTP311.561@v5
701  0 @a沙行勉@9sha xing mian@4著
801  0 @aCN@bBJSZM@c20201120
905    @b1245177-9@dTP3@e1251=2@f3
    
    计算机科学导论:以Python为舟/沙行勉著.-2版.-北京:清华大学出版社,2016.10(2019.08)
    25, 365页:照片, 图;26cm
    21世纪高等学校计算机专业实用规划教材
    
    ISBN 978-7-302-44617-0:CNY49.00
    本书主要内容包括计算机学什么、神奇的0与1、程序是如何执行的、学习Python语言与数据库知识、计算思维的核心——算法、操作系统、并行计算、计算机网络与物联网、信息安全等。
●
相关链接 在E读中查询图书 在五车中查询图书 在当当中查询图书 在豆瓣中查询图书


正题名:计算机科学导论     索取号:TP3/1251=2         预约/预借

序号 登录号 条形码 馆藏地/架位号 状态 备注
1 1245177   212451773   第二样本阅览室/ [索取号:TP3/1251=2] 在馆    
2 1245178   212451782   第三借阅区/ [索取号:TP3/1251=2] 在馆    
3 1245179   212451791   第三借阅区/ [索取号:TP3/1251=2] 在馆    
唐山师范学院图书馆 欢迎您!
大连网信软件有限公司© 版权所有